header

Interatomic bonding in solids : (Record no. 81929)

MARC details
000 -LEADER
fixed length control field 01808nam a2200409 i 4500
001 - CONTROL NUMBER
control field ebr10815825
003 - CONTROL NUMBER IDENTIFIER
control field CaPaEBR
006 - FIXED-LENGTH DATA ELEMENTS--ADDITIONAL MATERIAL CHARACTERISTICS--GENERAL INFORMATION
fixed length control field m o d
007 - PHYSICAL DESCRIPTION FIXED FIELD--GENERAL INFORMATION
fixed length control field cr cn|||||||||
008 - FIXED-LENGTH DATA ELEMENTS--GENERAL INFORMATION
fixed length control field 131217s2014 gw a ob 001 0 eng d
020 ## - INTERNATIONAL STANDARD BOOK NUMBER
Cancelled/invalid ISBN 9783527335077
Cancelled/invalid ISBN 9783527671557
International Standard Book Number 9783527671588 (e-book)
International Standard Book Number 9783527671571 (e-pub)
International Standard Book Number 9783527671564 (e-pub)
040 ## - CATALOGING SOURCE
Original cataloging agency CaPaEBR
Language of cataloging eng
Description conventions rda
-- pn
Transcribing agency CaPaEBR
050 14 - LIBRARY OF CONGRESS CALL NUMBER
Classification number QD461
Item number .L485 2014eb
082 04 - DEWEY DECIMAL CLASSIFICATION NUMBER
Classification number 541.224
Edition number 23
100 1# - MAIN ENTRY--PERSONAL NAME
Personal name Levitin, Valim.
245 10 - TITLE STATEMENT
Title Interatomic bonding in solids :
Remainder of title fundamentals, simulation, applications /
Statement of responsibility, etc Valim Levitin.
264 #1 - PRODUCTION, PUBLICATION, DISTRIBUTION, MANUFACTURE, AND COPYRIGHT NOTICE
Place of production, publication, distribution, manufacture Weinheim an der Bergstrasse, Germany :
Name of producer, publisher, distributor, manufacturer Wiley-VCH,
Date of production, publication, distribution, manufacture, or copyright notice 2014.
Date of production, publication, distribution, manufacture, or copyright notice �2014
300 ## - PHYSICAL DESCRIPTION
Extent 1 online resource (322 pages) :
Other physical details illustrations, tables
336 ## - CONTENT TYPE
Content type term text
Source rdacontent
337 ## - MEDIA TYPE
Media type term computer
Source rdamedia
338 ## - CARRIER TYPE
Carrier type term online resource
Source rdacarrier
504 ## - BIBLIOGRAPHY, ETC. NOTE
Bibliography, etc Includes bibliographical references and index.
588 ## - SOURCE OF DESCRIPTION NOTE
Source of description note Description based on online resource; title from PDF title page (ebrary, viewed December 17, 2013).
590 ## - LOCAL NOTE (RLIN)
Local note Electronic reproduction. Palo Alto, Calif. : ebrary, 2014. Available via World Wide Web. Access may be limited to ebrary affiliated libraries.
650 #0 - SUBJECT ADDED ENTRY--TOPICAL TERM
Topical term or geographic name as entry element Chemical bonds.
Topical term or geographic name as entry element Density functionals
General subdivision Computer simulation.
Topical term or geographic name as entry element Materials science
General subdivision Computer simulation.
655 #0 - INDEX TERM--GENRE/FORM
Genre/form data or focus term Electronic books.
776 08 - ADDITIONAL PHYSICAL FORM ENTRY
Display text Print version:
Main entry heading Levitin, Valim.
Title Interatomic bonding in solids : fundamentals, simulation, applications.
Place, publisher, and date of publication Weinheim an der Bergstrasse, Germany : Wiley-VCH, c2014
Physical description xiii, 306 pages
International Standard Book Number 9783527335077
797 2# - LOCAL ADDED ENTRY--CORPORATE NAME (RLIN)
Corporate name or jurisdiction name as entry element ebrary.
856 40 - ELECTRONIC LOCATION AND ACCESS
Uniform Resource Identifier <a href="http://site.ebrary.com/lib/rucke/Doc?id=10815825">http://site.ebrary.com/lib/rucke/Doc?id=10815825</a>
Public note An electronic book accessible through the World Wide Web; click to view

No items available.

© 2026 Rongo University
Contact us: librarian | system librarian | Rongo university